[Event "AUTO-ADV-241"]
[Site "http://www.queenalice.com/game.php?id=192309"]
[Date "2007.4.5"]
[Round "2"]
[White "Moe"]
[Black "lobo"]
[Result "0-1"]
[WhiteElo "1888"]
[BlackElo "1796"]

1. e4 b6 2. d4 Bb7 3. Bd3 e6 4. Nf3 h6 5. O-O Ne7 6. Nc3 g5 7. Ne5 Bg7 8. f4 d6
9. Ng4 Bxd4+ 10. Kh1 gxf4 11. Bxf4 h5 12. Nf6+ Bxf6 13. Qf3 Nbc6 14. Bg3 Bxc3
15. bxc3 Kd7 16. Bb5 a6 17. Bxc6+ Bxc6 18. Bh4 Kc8 19. Qf6 Re8 20. Qxf7 Kb7 21.
e5 Qd7 22. exd6 Qxd6 23. Rfd1 Bxg2+ 24. Kxg2 Qc6+ 25. Kg1 Rg8+ 26. Bg3 h4 27.
Qxe7 hxg3 28. hxg3 Rxg3+ 29. Kf2 Qf3+ 30. Ke1 Qe3+ 0-1

[Event "AUTO-ADV-241"]
[Site "http://www.queenalice.com/game.php?id=192310"]
[Date "2007.4.5"]
[Round "2"]
[White "lobo"]
[Black "Moe"]
[Result "0-1"]
[WhiteElo "1837"]
[BlackElo "1885"]

1. e4 e5 2. d4 exd4 3. Nf3 Nf6 4. e5 Bb4+ 5. Bd2 Nd5 6. Nxd4 O-O 7. c3 Bc5 8.
Nf5 d6 9. Qg4 Bxf5 10. Qxf5 Ne7 11. Qg5 dxe5 12. Qxe5 Nd7 13. Qg3 Re8 14. Bc4
Nf5+ 15. Kf1 Nxg3+ 16. hxg3 Qf6 17. f3 Nb6 18. Bd3 g6 19. b4 Bd6 20. Rh3 Rad8
21. Na3 Bxb4 22. Nb5 Rxd3 23. Bh6 a6 24. Nd4 Bxc3 25. Rc1 Qxd4 26. g4 Rd1+ 27.
Rxd1 Qxd1+ 0-1

[Event "AUTO-OPEN-511"]
[Site "http://www.queenalice.com/game.php?id=220665"]
[Date "2007.6.4"]
[Round "2"]
[White "Moe"]
[Black "ivan_at"]
[Result "0-1"]
[WhiteElo "1848"]
[BlackElo "1784"]

1. e4 c5 2. Bc4 e6 3. d4 cxd4 4. Nf3 Nc6 5. b3 Bc5 6. Bb2 d6 7. O-O e5 8. c3 Nf6
9. cxd4 Nxd4 10. Nxd4 exd4 11. Bxd4 Bxd4 12. Qxd4 O-O 13. Nc3 Re8 14. Nd5 Nxd5
15. Bxd5 Re7 16. Rfe1 Rb8 17. Qc4 b5 18. Qc3 h6 19. Re3 Bb7 20. Rg3 Qf8 21. Rd1
Bxd5 22. Rxd5 Rc8 23. Qa1 Rxe4 24. Rxd6 Rc1+ 25. Qxc1 Qxd6 26. h3 Qe6 27. Qc7
Re1+ 28. Kh2 Qe2 29. Rf3 Qe5+ 0-1

[Event "AUTO-OPEN-511"]
[Site "http://www.queenalice.com/game.php?id=220666"]
[Date "2007.6.4"]
[Round "2"]
[White "ivan_at"]
[Black "Moe"]
[Result "1-0"]
[WhiteElo "1764"]
[BlackElo "1868"]

1. d4 Nf6 2. c4 d5 3. cxd5 Nxd5 4. Nf3 e6 5. e4 Nb6 6. Nc3 Bb4 7. a3 Bxc3+ 8.
bxc3 c5 9. Bc4 Nxc4 10. Qa4+ Bd7 11. Qxc4 cxd4 12. cxd4 O-O 13. O-O a6 14. Bb2
Bb5 15. Qc2 Bxf1 16. Kxf1 Nd7 17. Rc1 Rc8 18. Qxc8 Qxc8 19. Rxc8 Rxc8 20. Ne1
Nf6 21. f3 Rc6 22. Kf2 Rb6 23. Bc3 Rb3 24. Bb4 b6 25. g4 a5 26. Be7 Nd7 27. Kg3
f6 28. Kf4 Kf7 29. Bd6 g5+ 30. Kg3 1-0

[Event "Mundialito"]
[Site "http://www.queenalice.com/game.php?id=226399"]
[Date "2007.6.17"]
[Round "3"]
[White "Moe"]
[Black "esterminio1"]
[Result "0-1"]
[WhiteElo "1818"]
[BlackElo "2182"]

1. e4 e6 2. d4 d5 3. e5 c5 4. b3 Nc6 5. c3 cxd4 6. cxd4 Bb4+ 7. Bd2 Qb6 8. Nf3
Nxd4 9. Bxb4 Qxb4+ 10. Nbd2 Nxf3+ 11. Qxf3 Qd4 12. Rd1 Qxe5+ 13. Be2 Nf6 14. O-O
Qb2 15. Bb5+ Bd7 16. Bxd7+ Nxd7 17. a3 Qxa3 18. Rfe1 O-O 19. Qd3 Rfc8 20. Re3
Rc1 21. Rxc1 Qxc1+ 22. Nf1 Rc8 23. Rh3 Nf6 24. Rg3 Ne4 25. Rg4 f5 26. Rh4 Qe1
0-1

[Event "I Torneo Cubano"]
[Site "http://www.queenalice.com/game.php?id=241705"]
[Date "2007.7.18"]
[Round "3"]
[White "Moe"]
[Black "KobeB"]
[Result "0-1"]
[WhiteElo "1816"]
[BlackElo "1766"]

1. e4 e5 2. Bc4 Nf6 3. Nf3 Nxe4 4. O-O d6 5. d3 Nc5 6. Nc3 Bg4 7. h3 Bh5 8. Bd5
c6 9. b4 cxd5 10. Nxd5 Nca6 11. Qe2 Nc7 12. Qe4 Nxd5 13. Qxd5 Nc6 14. Ng5 Be7
15. Ne4 Qd7 16. a3 Nd4 17. c3 Nf5 18. g4 Nh4 19. gxh5 Qxh3 20. Ng3 Rb8 21. Qh1
Qg4 22. Re1 Nf3+ 23. Kf1 Nxe1 24. Kxe1 Bh4 25. Ne4 Be7 26. Be3 O-O 27. Kd2 f5
28. h6 fxe4 29. hxg7 Rf7 30. Rg1 Qf3 31. Qh6 Rf6 32. Qh2 exd3 0-1

[Event "AUTO-ADV-378"]
[Site "http://www.queenalice.com/game.php?id=273569"]
[Date "2007.9.18"]
[Round "2"]
[White "donkiko"]
[Black "Moe"]
[Result "1-0"]
[WhiteElo "1781"]
[BlackElo "1835"]

1. c4 e5 2. Nc3 Bc5 3. Nf3 Nf6 4. e3 d5 5. Nxe5 O-O 6. d4 Re8 7. Nxf7 Kxf7 8.
dxc5 dxc4 9. Bxc4+ Kf8 10. Qxd8 Rxd8 11. O-O b6 12. cxb6 axb6 13. e4 Bb7 14. Bg5
Nbd7 15. f4 Re8 16. e5 Ng4 17. Rfe1 h6 18. Bh4 h5 19. h3 Nh6 20. e6 Nc5 21. e7+
1-0

[Event "AUTO-ADV-378"]
[Site "http://www.queenalice.com/game.php?id=273570"]
[Date "2007.9.18"]
[Round "2"]
[White "Moe"]
[Black "donkiko"]
[Result "0-1"]
[WhiteElo "1817"]
[BlackElo "1799"]

1. e4 c5 2. b4 cxb4 3. c3 bxc3 4. Nxc3 e5 5. Nf3 Nc6 6. Bc4 h6 7. O-O Bc5 8. Qb3
Qe7 9. Nd5 Qd6 10. Nh4 Nd4 11. Qg3 g5 12. Nf3 b5 13. Bd3 Nxf3+ 14. Qxf3 a6 15.
Bb2 Bb7 16. Qg3 f6 17. Nc3 Ne7 18. Be2 h5 19. a4 b4 20. Nd1 Bxe4 21. Ne3 Qxd2
0-1

[Event "AUTO-ADV-378"]
[Site "http://www.queenalice.com/game.php?id=273573"]
[Date "2007.9.18"]
[Round "2"]
[White "KobeB"]
[Black "Moe"]
[Result "0-1"]
[WhiteElo "1784"]
[BlackElo "1798"]

1. e4 e5 2. Nf3 Nc6 3. Bb5 Bc5 4. O-O Nf6 5. c3 a6 6. Bc4 d5 7. exd5 Na5 8. Nxe5
Nxc4 9. Nxc4 O-O 10. d4 Ba7 11. Bg5 Qxd5 12. Bxf6 Qxc4 13. Be5 b5 14. Nd2 Qc6
15. Re1 Bb7 16. Qg4 f6 17. Bf4 f5 18. Qg3 Rf6 19. Re7 Rg6 20. Rxc7 Qd5 21. Qh3
Rxg2+ 22. Kf1 Bb8 23. Rxb7 Qxb7 24. Qxg2 Qxg2+ 25. Kxg2 Bxf4 26. Nb3 Re8 27. Nc5
a5 28. a4 Rb8 29. h3 Kf7 30. Kf3 g5 31. d5 Ke7 32. h4 h6 33. hxg5 hxg5 34. Nd3
Bc7 35. axb5 Rxb5 36. c4 Rb3 37. Ke2 Kd6 38. Rg1 Bd8 39. Rb1 Rb7 40. f4 Re7+ 41.
Kf3 g4+ 42. Kg3 Re3+ 43. Kg2 Rxd3 44. b4 axb4 45. Rxb4 Rd4 46. Rb6+ Bxb6 0-1

[Event "AUTO-ADV-378"]
[Site "http://www.queenalice.com/game.php?id=273574"]
[Date "2007.9.18"]
[Round "2"]
[White "Moe"]
[Black "KobeB"]
[Result "0-1"]
[WhiteElo "1813"]
[BlackElo "1758"]

1. e4 e5 2. Nf3 Nc6 3. Bc4 Bc5 4. d3 Nf6 5. Bg5 h6 6. Bh4 g5 7. Bg3 d6 8. Nc3
Bg4 9. h3 Bh5 10. Qe2 Nd4 11. Qd1 Nxf3+ 12. gxf3 Nd7 13. Qe2 Qf6 14. Nd5 Qxf3
15. Qxf3 Bxf3 16. Rg1 O-O-O 17. Kd2 h5 18. a3 h4 19. Bh2 f6 20. b4 Bb6 21. a4
Bh5 22. Rgf1 a5 23. Rab1 Rhg8 24. Ne7+ Kb8 25. Nxg8 axb4 26. Ne7 Ba5 27. Kc1 Nb6
28. Ba2 Bf3 29. Kb2 Bg2 30. Rfe1 b3 31. Rg1 bxa2 32. Kxa2 Bxh3 33. Rb5 Bd2 34.
a5 Rd7 35. Nd5 Nxd5 36. exd5 Ka7 37. Rgb1 c6 38. dxc6 bxc6 39. R5b3 Be6 40. c4
d5 41. Rb8 dxc4 42. dxc4 Bxc4+ 43. Ka3 Rd3+ 44. Ka4 Bb5+ 45. R8xb5 cxb5+ 46.
Rxb5 Be1 47. Bg1 Rd2 48. f4+ Bf2 49. fxg5 Bxg1 50. gxf6 Rf2 51. Rxe5 Rxf6 52.
Rh5 Bf2 0-1

[Event "AUTO-ADV-378"]
[Site "http://www.queenalice.com/game.php?id=273577"]
[Date "2007.9.18"]
[Round "2"]
[White "Moe"]
[Black "marcosnatal"]
[Result "0-1"]
[WhiteElo "1800"]
[BlackElo "1799"]

1. e4 e5 2. Nf3 Nc6 3. Bc4 Bc5 4. d3 d6 5. h3 Nf6 6. Bg5 O-O 7. Nc3 Qe7 8. Nd5
Qd8 9. Nxf6+ gxf6 10. Bh4 Be6 11. Qd2 Kg7 12. g4 d5 13. g5 dxc4 14. gxf6+ Kh8
15. Qh6 Rg8 16. Ng5 Rxg5 17. Bxg5 Bf8 18. Qh4 Nb4 19. O-O-O Qd7 20. Rhg1 Qa4 21.
b3 Qxa2 22. Kd2 cxd3 0-1

[Event "AUTO-ADV-378"]
[Site "http://www.queenalice.com/game.php?id=273578"]
[Date "2007.9.18"]
[Round "2"]
[White "marcosnatal"]
[Black "Moe"]
[Result "0-1"]
[WhiteElo "1625"]
[BlackElo "1784"]

1. d4 Nf6 2. c4 e6 3. Nc3 Bb4 4. a3 Bxc3+ 5. bxc3 O-O 6. Nf3 b6 7. e3 d6 8. Bd3
Bb7 9. Qc2 c5 10. O-O Nbd7 11. Ng5 h6 12. Ne4 Nxe4 13. Bxe4 Bxe4 14. Qxe4 Nf6
15. Qd3 Qe7 16. e4 e5 17. d5 Qd7 18. f3 Ne8 19. Bd2 f5 20. exf5 Qxf5 21. Qxf5
Rxf5 22. Rae1 Nc7 23. f4 exf4 24. Bxf4 Raf8 0-1

[Event "Mundialito"]
[Site "http://www.queenalice.com/game.php?id=275830"]
[Date "2007.9.23"]
[Round "4"]
[White "velkan_cu"]
[Black "Moe"]
[Result "0-1"]
[WhiteElo "1839"]
[BlackElo "1795"]

1. e4 e5 2. Nf3 Nc6 3. Bb5 Nf6 4. Nc3 a6 5. Ba4 Bc5 6. Bxc6 dxc6 7. Nxe5 Bxf2+
8. Kxf2 Qd4+ 9. Ke1 Qxe5 10. d4 Qe7 11. Bg5 h6 12. Bh4 g5 13. Bg3 Bg4 14. Qd3
O-O-O 15. h3 Bh5 16. e5 Nd5 17. Qf5+ Kb8 18. Nxd5 Rxd5 19. h4 Bg6 20. Qf2 Qb4+
21. Qd2 Qxd2+ 22. Kxd2 Rxd4+ 23. Kc3 Rd5 24. hxg5 Rc5+ 25. Kb4 Rb5+ 26. Kc3 h5
27. Rac1 Rd8 28. Rhd1 Rdd5 29. Rxd5 cxd5 30. a4 Rc5+ 31. Kd2 Be4 32. b4 Rc4 33.
c3 Bxg2 34. Rg1 Be4 35. Be1 Rc6 36. Ke3 Kc8 37. Kf4 Kd7 38. Rg3 Ke6 39. Bd2 Bg6
40. Be1 Rc4+ 41. Ke3 Re4+ 42. Kf2 Kxe5 43. Bd2 Rg4 44. Re3+ Re4 45. Kf3 Rxe3+
46. Kxe3 b6 47. Bc1 c5 48. bxc5 bxc5 49. Ba3 c4 50. Be7 Be4 51. Bf6+ Kf5 52. Kf2
a5 53. Ke3 Bc2 54. Kd4 Bxa4 55. Kxd5 Bb3 56. Be7 a4 57. Kd4 h4 58. Ke3 h3 59.
Kf3 Bd1+ 60. Kg3 Bg4 61. g6 fxg6 62. Bd6 Kg5 63. Bb4 Bf5 64. Be7+ Kh6 65. Bd6
Kg7 66. Kf3 Kf6 67. Ke3 Ke6 0-1

[Event "I Torneo Cubano"]
[Site "http://www.queenalice.com/game.php?id=281193"]
[Date "2007.10.4"]
[Round "4"]
[White "Moe"]
[Black "leduar"]
[Result "1-0"]
[WhiteElo "1813"]
[BlackElo "1951"]

1. e4 c6 2. d4 d5 3. e5 Bf5 4. Nf3 e6 5. Bd3 g6 6. Bxf5 gxf5 7. Be3 Nh6 8. h3
Qb6 9. Qc1 Na6 10. Nbd2 c5 11. c3 cxd4 12. cxd4 Nb4 13. O-O Nd3 14. Qc2 f4 15.
Qxd3 fxe3 16. Qxe3 Nf5 17. Qc3 Bb4 18. Qd3 Ba5 19. Nb3 Bb4 20. a3 Be7 21. Rac1
O-O 22. Qc3 Rac8 23. Qd3 Rc7 24. Rxc7 Qxc7 25. Qc3 Rc8 26. Qxc7 Rxc7 27. Rc1 Rc4
28. Rxc4 dxc4 29. Na5 b5 30. Nc6 a6 31. Nxe7+ Nxe7 32. Kf1 Nd5 33. g3 Kg7 34.
Ke2 Kg6 35. Ne1 Kf5 36. f3 h6 37. Ng2 Nb6 38. Ne3+ Kg6 39. Kd2 Nd5 40. Nxd5 exd5
41. Kc3 a5 42. b3 cxb3 43. Kxb3 Kf5 44. h4 Kg6 45. g4 f5 46. h5+ Kg5 47. f4+
Kxf4 48. e6 fxg4 49. e7 g3 50. e8=Q g2 51. Qe5+ Kg4 52. Qxd5 Kh3 53. Qf3+ Kh2
54. Qxg2+ 1-0

[Event "MoeNegras"]
[Site "http://www.queenalice.com/game.php?id=304578"]
[Date "2007.11.15"]
[Round "-"]
[White "Moe"]
[Black "pueblamvp"]
[Result "1-0"]
[WhiteElo "1794"]
[BlackElo "1820"]

1. e4 c5 2. Bc4 e6 3. b3 Nc6 4. Nf3 Nf6 5. O-O Nxe4 6. Bb2 f6 7. d4 d5 8. Bd3
Ng5 9. dxc5 Nxf3+ 10. Qxf3 Bxc5 11. Nd2 e5 12. Qh5+ g6 13. Bxg6+ Ke7 14. Bf5
Bxf5 15. Qxf5 Nd4 16. Bxd4 Bxd4 17. Rad1 Qa5 18. Nf3 Bc3 19. a4 Rac8 20. Rd3 d4
21. Nxd4 Bxd4 22. Rxd4 Rxc2 23. Rd7+ 1-0

[Event "Cub-Vnz"]
[Site "http://www.queenalice.com/game.php?id=354501"]
[Date "2008.2.14"]
[Round "-"]
[White "Moe"]
[Black "hartto"]
[Result "0-1"]
[WhiteElo "1811"]
[BlackElo "1805"]

1. e4 c5 2. b3 Nc6 3. Bb2 e5 4. d3 d5 5. exd5 Qxd5 6. Qf3 Nf6 7. Nd2 Bd6 8. Ne2
Qxf3 9. Nxf3 Bg4 10. O-O-O O-O 11. h3 Bxf3 12. gxf3 b5 13. Ng3 b4 14. Ne4 Be7
15. h4 Nd4 16. Bxd4 cxd4 17. Bh3 Nh5 18. Bf5 Nf4 19. Ng5 g6 20. Be4 Rac8 21. Kb2
a5 22. Nh3 Rc3 23. Nxf4 exf4 24. h5 a4 25. hxg6 fxg6 26. Rde1 a3+ 27. Kc1 Kg7
28. Bxg6 hxg6 29. Rxe7+ Kf6 30. Re4 g5 31. Rxd4 Re8 32. Rxb4 Re2 33. Rh2 Rcxc2+
34. Kb1 Rb2+ 0-1

[Event "I Torneo Cubano"]
[Site "http://www.queenalice.com/game.php?id=357513"]
[Date "2008.2.20"]
[Round "5"]
[White "hartto"]
[Black "Moe"]
[Result "1-0"]
[WhiteElo "1877"]
[BlackElo "1795"]

1. d4 Nf6 2. c4 g6 3. Nc3 Bg7 4. e4 O-O 5. Nf3 d6 6. h3 Nc6 7. d5 Ne5 8. Be2
Nxf3+ 9. Bxf3 c6 10. O-O e6 11. Bg5 Qb6 12. Na4 Qc7 13. Rb1 Bd7 14. Nc3 a6 15.
Qd2 c5 16. Bh6 Rfe8 17. Bxg7 Kxg7 18. Rfe1 b5 19. cxb5 axb5 20. b4 Ra3 21. bxc5
Rea8 22. c6 Qa5 23. Rb3 exd5 24. cxd7 Nxd7 25. Qd4+ Ne5 26. exd5 Ra4 27. Qe3
Rxa2 28. Nxa2 Nxf3+ 29. gxf3 Qxa2 30. Qd4+ 1-0